000 01096nam a22002177a 4500
003 JO-AjAnu
005 20251022084213.0
008 251013b jo ||||| |||| 00| 0 ara d
020 _a978-9923-46-102-0
022 _a728/2/2024
040 _aANU
_cJO-AjAnu
041 _hARA
100 _aالخيكاني، حامد عبد الشهيد
_eمؤلف
_966813
245 _aتكيف مناهج التربية الرياضية والبدنية في إطار التحولات الرقمية والرقمنة العصرية
_c / اعداد حامد عبد الشهيد الخيكاني، عباس فاضل علوان، عباس محمد خضير
260 _aعمان :
_bدار الوفاق للنشر والتوزيع،
_c2025
300 _a219 صفحة
650 _vاساليب التدريس-التربية الرياضية-استراتيجيات التعلم-التعلم الإلكتروني-تكنولوجيا التعليم
700 _aعلوان، عباس فاضل
_eم. مشارك
_966814
700 _aخضير، عباس محمد
_eم. مشارك
_966815
942 _2lcc
_cBK
_n0
999 _c34077
_d34077